[Event "Nuremberg Zabo op 23rd"]
[Site "Nuremberg"]
[Date "2023.09.17"]
[Round "4"]
[White "Schaefer, Ann Kathrin"]
[Black "Meulner, Fabian"]
[Result "0-1"]
[WhiteElo "1671"]
[BlackElo "1984"]
[PlyCount "56"]
[EventDate "2023.09.15"]
[EventType "swiss"]
[EventRounds "5"]
[EventCountry "GER"]
[SourceTitle "EXT 2024"]
[Source "ChessBase"]
[SourceDate "2023.10.10"]
[SourceVersion "1"]
[SourceVersionDate "2023.10.10"]
[SourceQuality "1"]

1. d4 d5 2. Nf3 Nf6 3. e3 c5 4. b3 cxd4 5. exd4 g6 6. Bb2 Bg7 7. Bd3 Nc6 8. a3 Nh5 9. 0-0 Nf4 10. Ne5 0-0 11. Re1 Nxd3 12. Qxd3 Bf5 13. Qd1 Rc8 14. Nc3 a6 15. Qd2 Nxe5 16. dxe5 d4 17. Ne4 Bxe5 18. Rac1 Qc7 19. Qh6 Bg7 20. Qh4 Bxe4 21. Rxe4 e5 22. f4 f5 23. Re2 e4 24. Qe1 Qxf4 25. Qa5 Qc7 26. Qb4 Qc5 27. Qxc5 Rxc5 28. Rd2 Bh6 0-1

[Event "GER-chT Federal Cup (Women)"]
[Site "Braunfels"]
[Date "2022.06.19"]
[Round "5.24"]
[White "Freter, Anke"]
[Black "Schaefer, Ann Kathrin"]
[Result "1-0"]
[WhiteElo "1856"]
[BlackElo "1680"]
[PlyCount "47"]
[EventDate "2022.06.15"]
[EventType "team-swiss"]
[EventRounds "5"]
[EventCountry "GER"]
[SourceTitle "EXT 2023"]
[Source "ChessBase"]
[SourceDate "2022.10.05"]
[SourceVersion "1"]
[SourceVersionDate "2022.10.05"]
[SourceQuality "1"]

1. e4 c5 2. Nc3 Nc6 3. g3 g6 4. Bg2 Bg7 5. d3 e6 6. f4 Nge7 7. Nf3 d5 8. e5 Rb8 9. 0-0 b5 10. g4 b4 11. Ne2 0-0 12. Ng3 c4 13. dxc4 Qb6+ 14. Kh1 dxc4 15. Ne4 a5 16. Qe1 Nd5 17. g5 Ba6 18. Nf6+ Bxf6 19. gxf6 c3 20. Qh4 Bxf1 21. Qh6 Bxg2+ 22. Kxg2 Nxf6 23. exf6 cxb2 24. Qg7# 1-0

[Event "BL2 Sued 2122 (Women)"]
[Site "Germany"]
[Date "2022.03.20"]
[Round "5.6"]
[White "Schaefer, Ann Kathrin"]
[Black "Barpiyeva, Gulsana"]
[Result "0-1"]
[WhiteElo "1696"]
[BlackElo "2015"]
[PlyCount "64"]
[EventDate "2021.11.27"]
[EventType "team-tourn"]
[EventRounds "7"]
[EventCountry "GER"]
[SourceTitle "EXT 2023"]
[Source "ChessBase"]
[SourceDate "2022.10.05"]
[SourceVersion "1"]
[SourceVersionDate "2022.10.05"]
[SourceQuality "1"]
[WhiteTeam "Augsburg (W)"]
[BlackTeam "Hofheim (W)"]
[WhiteTeamCountry "GER"]
[BlackTeamCountry "GER"]

1. d4 Nf6 2. Nf3 g6 3. e3 Bg7 4. Bd3 d6 5. b3 c5 6. Bb2 0-0 7. Nc3 a6 8. a4 Nc6 9. h3 b6 10. 0-0 Bb7 11. Qe2 Nb4 12. e4 Nh5 13. d5 Qd7 14. Nh2 Nf4 15. Qd1 h5 16. Be2 Bc8 17. Bf3 Be5 18. h4 Bf6 19. g3 Nh3+ 20. Kg2 Bd4 21. g4 Nf4+ 22. Kh1 a5 23. Qd2 e5 24. gxh5 Qh3 25. Qd1 Kg7 26. Rb1 Qxh4 27. Ne2 Bh3 28. Bxd4 Bxf1 29. Nxf4 cxd4 30. Nxg6 fxg6 31. Qxf1 Rxf3 32. hxg6 Rh8 0-1

[Event "GER-chT Federal Cup (Women)"]
[Site "Braunfels"]
[Date "2019.06.23"]
[Round "5.45"]
[White "Schaefer, Ann Kathrin"]
[Black "Von Beckh, Frieda"]
[Result "0-1"]
[WhiteElo "1714"]
[BlackElo "1465"]
[PlyCount "76"]
[EventDate "2019.06.20"]
[EventType "team-swiss"]
[EventRounds "5"]
[EventCountry "GER"]
[SourceTitle "CBM 191 Extra"]
[Source "ChessBase"]
[SourceDate "2019.09.30"]
[SourceVersion "1"]
[SourceVersionDate "2019.09.30"]
[SourceQuality "1"]

1. d4 d5 2. Nf3 Bf5 3. e3 Nf6 4. c4 e6 5. Qb3 Qc8 6. Nc3 c6 7. Bd2 Nbd7 8. cxd5 exd5 9. Rc1 Be7 10. Be2 0-0 11. 0-0 a6 12. Na4 c5 13. dxc5 Nxc5 14. Nxc5 Bxc5 15. Bb4 b6 16. Nd4 Be4 17. Rc3 Rb8 18. Rfc1 Qd7 19. Bxa6 Qd6 20. Nb5 Qe6 21. f3 Bf5 22. Bxc5 bxc5 23. Qa3 Nd7 24. Rd1 Ne5 25. Nc7 Qg6 26. Be2 Bh3 27. g3 Qf5 28. Kf2 Nxf3 29. Rxd5 Ne5+ 30. Ke1 Qb1+ 31. Rd1 Qe4 32. Kd2 Rfd8+ 33. Kc1 Bf5 34. Rd5 Qb1+ 35. Kd2 Rxb2+ 36. Qxb2 Qxb2+ 37. Rc2 Qxc2+ 38. Ke1 Rxd5 0-1

[Event "GER-chT Federal Cup (Women)"]
[Site "Braunfels"]
[Date "2019.06.21"]
[Round "3.53"]
[White "Hoeglauer, Jenny"]
[Black "Schaefer, Ann Kathrin"]
[Result "0-1"]
[WhiteElo "1703"]
[BlackElo "1714"]
[PlyCount "48"]
[EventDate "2019.06.20"]
[EventType "team-swiss"]
[EventRounds "5"]
[EventCountry "GER"]
[SourceTitle "CBM 191 Extra"]
[Source "ChessBase"]
[SourceDate "2019.09.30"]
[SourceVersion "1"]
[SourceVersionDate "2019.09.30"]
[SourceQuality "1"]

1. e4 c5 2. Nc3 a6 3. a4 b6 4. f4 Bb7 5. Bc4 e6 6. d3 d5 7. exd5 exd5 8. Qe2+ Be7 9. Bb3 Nf6 10. Nf3 Nc6 11. 0-0 0-0 12. Ne5 Nd4 13. Qf2 Nxb3 14. cxb3 d4 15. Ne2 Bd5 16. Nc4 b5 17. axb5 axb5 18. Rxa8 Bxa8 19. Na3 Qd7 20. Nc2 b4 21. Bd2 Qd5 22. Nc1 Bd6 23. Re1 Nh5 24. g3 Qh1# 0-1

[Event "Bayern-ch (Women) 89th"]
[Site "Bad Kissingen"]
[Date "2018.08.31"]
[Round "8"]
[White "Homfeldt, Claudia Laura"]
[Black "Schaefer, Ann Kathrin"]
[Result "0-1"]
[WhiteElo "1520"]
[BlackElo "1697"]
[PlyCount "88"]
[EventDate "2018.08.26"]
[EventType "swiss"]
[EventRounds "9"]
[EventCountry "GER"]
[SourceTitle "EXT 2020"]
[Source "ChessBase"]
[SourceDate "2019.10.17"]
[SourceVersion "1"]
[SourceVersionDate "2019.10.17"]
[SourceQuality "1"]

1. e4 e6 2. Qe2 Nf6 3. Nc3 Be7 4. g3 0-0 5. Bg2 d5 6. e5 Nfd7 7. d4 c5 8. Be3 Nc6 9. Nf3 Qb6 10. Qb5 cxd4 11. Qxb6 axb6 12. Nxd4 Ndxe5 13. 0-0 Nc4 14. b3 Nxe3 15. fxe3 Bg5 16. Rfe1 Ne5 17. Na4 Ng4 18. c3 Nxe3 19. Re2 Nxg2 20. Kxg2 Ra6 21. Nb5 Bd8 22. Nd6 Bd7 23. Nb2 Bc7 24. Nxb7 Bc6 25. Kf2 Bxb7 26. a4 b5 27. Rd1 bxa4 28. Nxa4 Rc8 29. Kf1 Ba5 30. b4 Bxb4 31. cxb4 Rxa4 32. Rb1 Rb8 33. b5 Rba8 34. Rbb2 Rc4 35. Re3 d4 36. Rd3 e5 37. b6 Ra1+ 38. Kf2 Rh1 39. Rbb3 Rxh2+ 40. Ke1 Rc1+ 41. Rd1 Rh1+ 42. Ke2 Rhxd1 43. Ra3 Ra1 44. Rb3 Rdb1 0-1

[Event "Bayern-ch (Women) 89th"]
[Site "Bad Kissingen"]
[Date "2018.08.30"]
[Round "7"]
[White "Schaefer, Ann Kathrin"]
[Black "Mehling, Katharina"]
[Result "0-1"]
[WhiteElo "1697"]
[BlackElo "1920"]
[PlyCount "32"]
[EventDate "2018.08.26"]
[EventType "swiss"]
[EventRounds "9"]
[EventCountry "GER"]
[SourceTitle "EXT 2020"]
[Source "ChessBase"]
[SourceDate "2019.10.17"]
[SourceVersion "1"]
[SourceVersionDate "2019.10.17"]
[SourceQuality "1"]

1. d4 Nf6 2. Nf3 g6 3. e3 Bg7 4. b3 0-0 5. Bb2 d6 6. Be2 Nfd7 7. 0-0 Nc6 8. Na3 e5 9. Qd2 f5 10. d5 Ne7 11. e4 Nf6 12. exf5 gxf5 13. Rad1 a6 14. Qg5 f4 15. g3 h6 16. Qh4 Ng6 0-1

[Event "Bayern-ch (Women) 89th"]
[Site "Bad Kissingen"]
[Date "2018.08.30"]
[Round "6"]
[White "Schaefer, Ann Kathrin"]
[Black "Milak, Adela"]
[Result "1-0"]
[WhiteElo "1697"]
[BlackElo "1642"]
[PlyCount "35"]
[EventDate "2018.08.26"]
[EventType "swiss"]
[EventRounds "9"]
[EventCountry "GER"]
[SourceTitle "EXT 2020"]
[Source "ChessBase"]
[SourceDate "2019.10.17"]
[SourceVersion "1"]
[SourceVersionDate "2019.10.17"]
[SourceQuality "1"]

1. e4 e5 2. f4 exf4 3. Nf3 Ne7 4. Nc3 Ng6 5. Bc4 Be7 6. 0-0 Nc6 7. d4 d6 8. Ne2 Bg5 9. Nxg5 Qxg5 10. Nxf4 Nxf4 11. Rxf4 Bh3 12. Bxf7+ Ke7 13. g3 Qb5 14. c3 h6 15. a4 Qb6 16. Qh5 Raf8 17. Rf2 Bd7 18. Bg5+ 1-0

[Event "Bayern-ch (Women) 89th"]
[Site "Bad Kissingen"]
[Date "2018.08.29"]
[Round "5"]
[White "Lorenz, Oda"]
[Black "Schaefer, Ann Kathrin"]
[Result "0-1"]
[WhiteElo "1822"]
[BlackElo "1697"]
[PlyCount "88"]
[EventDate "2018.08.26"]
[EventType "swiss"]
[EventRounds "9"]
[EventCountry "GER"]
[SourceTitle "EXT 2020"]
[Source "ChessBase"]
[SourceDate "2019.10.17"]
[SourceVersion "1"]
[SourceVersionDate "2019.10.17"]
[SourceQuality "1"]

1. e4 e6 2. d4 d5 3. exd5 exd5 4. c4 Nf6 5. Nc3 Bb4 6. Bd2 0-0 7. Be2 dxc4 8. Nf3 Nc6 9. 0-0 Nxd4 10. Nxd4 Qxd4 11. Qc2 Be6 12. Be3 Qe5 13. Rad1 Ng4 14. Bxg4 Bxg4 15. Rd4 Bxc3 16. Qxc3 Be6 17. Re1 Qf6 18. Bf4 c5 19. Rde4 Qxc3 20. bxc3 Rfd8 21. h4 Rd3 22. R4e3 Rad8 23. a3 h6 24. f3 Rxe3 25. Rxe3 Rd1+ 26. Kf2 Ra1 27. Bd6 b6 28. g4 Rxa3 29. Kg3 Ra1 30. Bb8 a5 31. Bc7 a4 32. Bxb6 a3 33. Bxc5 a2 34. Re2 Rg1+ 35. Bxg1 a1Q 36. Bd4 Qa6 37. f4 Qd6 38. Re5 g6 39. h5 gxh5 40. Rxh5 Bxg4 41. Kxg4 Qg6+ 42. Rg5 hxg5 43. fxg5 Qe4+ 44. Kh5 Qxd4 0-1

[Event "GER-chT Federal Cup (Women)"]
[Site "Braunfels"]
[Date "2018.06.03"]
[Round "5.7"]
[White "Grund, Melanie"]
[Black "Schaefer, Ann Kathrin"]
[Result "1/2-1/2"]
[WhiteElo "1846"]
[BlackElo "1702"]
[PlyCount "54"]
[EventDate "2018.05.31"]
[EventType "team-swiss"]
[EventRounds "5"]
[EventCountry "GER"]
[SourceTitle "EXT 2020"]
[Source "ChessBase"]
[SourceDate "2019.10.17"]
[SourceVersion "1"]
[SourceVersionDate "2019.10.17"]
[SourceQuality "1"]
[WhiteTeam "Thueringen (W)"]
[BlackTeam "Bayern (W) II"]
[WhiteTeamCountry "GER"]
[BlackTeamCountry "GER"]

1. d4 e5 2. dxe5 Nc6 3. Nf3 Qe7 4. Nc3 Nxe5 5. Nxe5 Qxe5 6. e3 Nf6 7. Bd2 Bc5 8. Nb5 Nd5 9. c4 a6 10. cxd5 axb5 11. Bc3 Qg5 12. Qf3 b4 13. Qe4+ Be7 14. Bxb4 d6 15. Bc3 0-0 16. h4 Bf5 17. Qc4 Qh6 18. g4 Bg6 19. h5 f5 20. Bh3 Bf7 21. gxf5 c6 22. Rg1 Bf6 23. Bxf6 Qxf6 24. Qd4 Bxd5 25. Qxf6 Rxf6 26. a3 Bf3 27. Rg5 Ra5 1/2-1/2

[Event "GER-chT Federal Cup (Women)"]
[Site "Braunfels"]
[Date "2018.06.02"]
[Round "4.7"]
[White "Schaefer, Ann Kathrin"]
[Black "Hoerhold, Karola"]
[Result "0-1"]
[WhiteElo "1702"]
[BlackElo "1671"]
[PlyCount "40"]
[EventDate "2018.05.31"]
[EventType "team-swiss"]
[EventRounds "5"]
[EventCountry "GER"]
[SourceTitle "EXT 2020"]
[Source "ChessBase"]
[SourceDate "2019.10.17"]
[SourceVersion "1"]
[SourceVersionDate "2019.10.17"]
[SourceQuality "1"]
[WhiteTeam "Bayern (W) II"]
[BlackTeam "Nordrhein Westfalen (W)"]
[WhiteTeamCountry "GER"]
[BlackTeamCountry "GER"]

1. e4 e5 2. f4 exf4 3. Nf3 g5 4. d4 Bg7 5. Bc4 d6 6. h4 h6 7. 0-0 Bg4 8. c3 Nc6 9. Qe1 Qe7 10. b4 Bxf3 11. Rxf3 Nxd4 12. Rf2 Nf5 13. hxg5 hxg5 14. Bxf4 gxf4 15. Rxf4 Qe5 16. Bxf7+ Ke7 17. Rxf5 Qh2+ 18. Kf1 Qh1+ 19. Kf2 Qh4+ 20. Kg1 Qxe1+ 0-1

[Event "GER-chT U20 Girls"]
[Site "Osnabrueck"]
[Date "2015.12.29"]
[Round "6.4"]
[White "Schaefer, Ann Kathrin"]
[Black "Alcer, Johanna"]
[Result "1-0"]
[WhiteElo "1576"]
[BlackElo "1187"]
[PlyCount "75"]
[EventDate "2015.12.27"]
[EventType "team-swiss"]
[EventRounds "7"]
[EventCountry "GER"]
[SourceTitle "EXT 2017"]
[Source "ChessBase"]
[SourceDate "2016.10.25"]
[SourceVersion "1"]
[SourceVersionDate "2016.10.25"]
[SourceQuality "1"]
[WhiteTeam "Bechhofen"]
[BlackTeam "Weissensee Chemie U20 Girls"]
[WhiteTeamCountry "GER"]
[BlackTeamCountry "GER"]

1. d4 d5 2. Nf3 Nc6 3. e3 Bg4 4. Be2 Nf6 5. 0-0 e6 6. b3 Bd6 7. Bb2 0-0 8. Nbd2 Re8 9. Ne5 Bxe2 10. Qxe2 Bxe5 11. dxe5 Nd7 12. f4 Nc5 13. Qb5 Ne4 14. Nxe4 dxe4 15. Qxb7 Qd7 16. Rad1 Rab8 17. Qxb8 Nxb8 18. Rxd7 Nxd7 19. Rd1 Nb6 20. c4 Kf8 21. Ba3+ Kg8 22. Bc5 f6 23. exf6 gxf6 24. Kf2 Kf7 25. a4 Nc8 26. Rd7+ Re7 27. Bxe7 Nxe7 28. Rxc7 a6 29. Ra7 f5 30. Rxa6 Kf6 31. b4 Nc8 32. b5 Ke7 33. b6 Nd6 34. c5 Nb7 35. Ra7 Kd7 36. Rxb7+ Kc6 37. Rc7+ Kd5 38. b7 1-0

[Event "Bayernliga U20 1415"]
[Site "Bayern"]
[Date "2015.03.21"]
[Round "7.2"]
[White "Dechant, Georg"]
[Black "Schaefer, Ann Kathrin"]
[Result "1-0"]
[WhiteElo "1919"]
[BlackElo "1575"]
[PlyCount "79"]
[EventDate "2014.11.15"]
[EventType "team-tourn"]
[EventRounds "7"]
[EventCountry "GER"]
[SourceTitle "EXT 2022"]
[Source "ChessBase"]
[SourceDate "2021.10.06"]
[SourceVersion "1"]
[SourceVersionDate "2021.10.06"]
[SourceQuality "1"]
[WhiteTeam "Regensburg Bavaria U20"]
[BlackTeam "Bechhofen U20"]
[WhiteTeamCountry "GER"]
[BlackTeamCountry "GER"]

1. e4 e6 2. d4 d5 3. e5 c5 4. c3 Nc6 5. Nf3 Bd7 6. Be2 Be7 7. 0-0 f6 8. a3 fxe5 9. Nxe5 Nxe5 10. dxe5 c4 11. Be3 Qc7 12. Bh5+ g6 13. Bf3 Bf8 14. Re1 Bg7 15. Bf4 Ne7 16. Qd2 Qb6 17. a4 Nf5 18. Na3 Rc8 19. Nc2 0-0 20. a5 Qc5 21. Bg4 Qc7 22. Nb4 Rf7 23. Nxd5 exd5 24. e6 Qc5 25. exf7+ Kxf7 26. Bxf5 Bxf5 27. Be3 Qd6 28. Bxa7 Be5 29. g3 Kg8 30. Bd4 Bxd4 31. Qxd4 Be4 32. Rxe4 Rf8 33. Re5 Rd8 34. Rd1 Qc6 35. Rxd5 Rf8 36. Rd8 Qe6 37. Rxf8+ Kxf8 38. Qd8+ Kg7 39. Rd7+ Kh6 40. Qh4# 1-0

[Event "Bayernliga U20 1415"]
[Site "Bayern"]
[Date "2014.12.13"]
[Round "2.2"]
[White "Schaefer, Ann Kathrin"]
[Black "Miller, Eduard"]
[Result "0-1"]
[WhiteElo "1575"]
[BlackElo "2249"]
[PlyCount "56"]
[EventDate "2014.11.15"]
[EventType "team-tourn"]
[EventRounds "7"]
[EventCountry "GER"]
[SourceTitle "EXT 2022"]
[Source "ChessBase"]
[SourceDate "2021.10.06"]
[SourceVersion "1"]
[SourceVersionDate "2021.10.06"]
[SourceQuality "1"]
[WhiteTeam "Bechhofen U20"]
[BlackTeam "Erlangen SC U20"]
[WhiteTeamCountry "GER"]
[BlackTeamCountry "GER"]

1. d4 Nf6 2. Nf3 c5 3. e3 cxd4 4. exd4 g6 5. Bd3 Bg7 6. 0-0 0-0 7. Bf4 d6 8. c3 Nc6 9. Nbd2 Re8 10. Nc4 Qc7 11. Re1 Nh5 12. Bg5 h6 13. Bh4 Nf4 14. Bg3 Nxd3 15. Qxd3 e5 16. dxe5 dxe5 17. Qe2 f6 18. Rad1 Bf8 19. Nh4 Kh7 20. Ne3 Be6 21. Rd3 Qf7 22. Red1 f5 23. Nd5 f4 24. Bxf4 exf4 25. Qd2 g5 26. Nf3 Rad8 27. c4 Bg7 28. b3 Bf5 0-1

[Event "GER-chT U20 Girls"]
[Site "Osnabrueck"]
[Date "2013.12.27"]
[Round "2.2"]
[White "Schaefer, Ann Kathrin"]
[Black "Nobis, Anna"]
[Result "0-1"]
[WhiteElo "1598"]
[BlackElo "1765"]
[PlyCount "98"]
[EventDate "2013.12.27"]
[EventType "team-swiss"]
[EventRounds "7"]
[EventCountry "GER"]
[SourceTitle "EXT 2015"]
[Source "ChessBase"]
[SourceDate "2014.11.20"]
[SourceVersion "1"]
[SourceVersionDate "2014.11.20"]
[SourceQuality "1"]
[WhiteTeam "Bechhofen"]
[BlackTeam "Chemnitz"]
[WhiteTeamCountry "GER"]
[BlackTeamCountry "GER"]

1. e4 c5 2. d4 cxd4 3. c3 d5 4. exd5 Qxd5 5. Qxd4 Qxd4 6. cxd4 Nf6 7. Nc3 e6 8. Bc4 Bb4 9. Bd2 0-0 10. Nf3 Rd8 11. 0-0 b6 12. Rfd1 Bb7 13. Be2 Nc6 14. Bg5 Be7 15. Rd2 Nb4 16. Rad1 Nbd5 17. Ne5 Nd7 18. Bxe7 Nxe7 19. Bf3 Bxf3 20. Nxf3 Nf6 21. Ne5 Ned5 22. a3 Rac8 23. Rd3 a6 24. Nxd5 Nxd5 25. Rf3 f6 26. Ng4 Ne7 27. g3 Rc6 28. Rfd3 Rcd6 29. Ne3 Nc6 30. Nc2 Rd5 31. f4 e5 32. fxe5 fxe5 33. Rb3 b5 34. Rbd3 Nxd4 35. Nxd4 Rxd4 36. Rxd4 exd4 37. Kf2 Kf7 38. Kf3 Kf6 39. Ke4 Re8+ 40. Kf3 Re3+ 41. Kf4 g5+ 42. Kg4 Re4+ 43. Kf3 Ke5 44. Rc1 g4+ 45. Kf2 d3 46. Rc8 Re2+ 47. Kf1 Rc2 48. Re8+ Kd4 49. Ke1 Rxb2 0-1

[Event "Landesliga U20 Nord 1314"]
[Site "Bayern"]
[Date "2013.11.16"]
[Round "1.2"]
[White "Schaefer, Ann Kathrin"]
[Black "Siegl, Melina"]
[Result "1-0"]
[WhiteElo "1575"]
[BlackElo "1958"]
[PlyCount "41"]
[EventDate "2013.11.16"]
[EventType "team-tourn"]
[EventRounds "7"]
[EventCountry "GER"]
[SourceTitle "EXT 2022"]
[Source "ChessBase"]
[SourceDate "2021.10.06"]
[SourceVersion "1"]
[SourceVersionDate "2021.10.06"]
[SourceQuality "1"]
[WhiteTeam "Bechhofen U20"]
[BlackTeam "Nuernberg Sued SW U20"]
[WhiteTeamCountry "GER"]
[BlackTeamCountry "GER"]

1. e4 c5 2. d4 cxd4 3. c3 g6 4. Nf3 d5 5. exd5 Qxd5 6. Qxd4 Qe6+ 7. Be3 Qf6 8. Nbd2 Bf5 9. Qa4+ Bd7 10. Qb3 Nc6 11. Ne4 Qg7 12. 0-0-0 Nf6 13. Nxf6+ Qxf6 14. Rxd7 Kxd7 15. Qxb7+ Kd6 16. Qxa8 Bh6 17. Qb7 Bxe3+ 18. fxe3 Rb8 19. Qa6 Qe6 20. Qxc6+ Kxc6 21. Nd4+ 1-0

[Event "GER-ch U18 Girls"]
[Site "Oberhof"]
[Date "2013.05.24"]
[Round "8"]
[White "Wulf, Constanze"]
[Black "Schaefer, Ann Kathrin"]
[Result "0-1"]
[WhiteElo "1675"]
[BlackElo "1846"]
[PlyCount "32"]
[EventDate "2013.05.19"]
[EventType "swiss"]
[EventRounds "9"]
[EventCountry "GER"]
[SourceTitle "CBM 154 Extra"]
[Source "ChessBase"]
[SourceDate "2013.06.25"]
[SourceVersion "2"]
[SourceVersionDate "2013.06.25"]
[SourceQuality "1"]

1. d4 Nf6 2. c4 e5 3. dxe5 Ng4 4. Nf3 Bc5 5. e3 Nc6 6. a3 a5 7. Be2 Ngxe5 8. Nxe5 Nxe5 9. 0-0 0-0 10. Nd2 Ra6 11. Nf3 Re8 12. Bd2 Rg6 13. Bc3 Nxf3+ 14. Bxf3 b6 15. b4 Bd6 16. bxa5 Bxh2+ 0-1

[Event "GER-ch U18 Girls"]
[Site "Oberhof"]
[Date "2013.05.22"]
[Round "6"]
[White "Zeller, Elisa"]
[Black "Schaefer, Ann Kathrin"]
[Result "1-0"]
[WhiteElo "1896"]
[BlackElo "1846"]
[PlyCount "63"]
[EventDate "2013.05.19"]
[EventType "swiss"]
[EventRounds "9"]
[EventCountry "GER"]
[SourceTitle "CBM 154 Extra"]
[Source "ChessBase"]
[SourceDate "2013.06.25"]
[SourceVersion "2"]
[SourceVersionDate "2013.06.25"]
[SourceQuality "1"]

1. e4 e6 2. d4 d5 3. Nc3 Nf6 4. e5 Nfd7 5. f4 c5 6. Nf3 Nc6 7. Be3 Be7 8. Qd2 0-0 9. Be2 c4 10. 0-0 f5 11. Kh1 Nb6 12. Nd1 Bd7 13. c3 Qc7 14. Nf2 Be8 15. Rg1 Kh8 16. g4 fxg4 17. Nxg4 Bg6 18. Rg3 Rf5 19. Rag1 Raf8 20. Nf2 Nd8 21. Nh3 Nf7 22. Bd1 Rh5 23. Nfg5 Nxg5 24. Nxg5 Rxg5 25. Rxg5 Be4+ 26. R5g2 Bxg2+ 27. Qxg2 Bh4 28. Qh3 Be7 29. Bc2 h6 30. Qxe6 Qd8 31. Qg6 Kg8 32. Qxg7# 1-0

[Event "GER-ch U18 Girls"]
[Site "Oberhof"]
[Date "2013.05.20"]
[Round "3"]
[White "Schaefer, Ann Kathrin"]
[Black "Lehmann, Patricia"]
[Result "1-0"]
[WhiteElo "1846"]
[BlackElo "1637"]
[PlyCount "41"]
[EventDate "2013.05.19"]
[EventType "swiss"]
[EventRounds "9"]
[EventCountry "GER"]
[SourceTitle "CBM 154 Extra"]
[Source "ChessBase"]
[SourceDate "2013.06.25"]
[SourceVersion "2"]
[SourceVersionDate "2013.06.25"]
[SourceQuality "1"]

1. e4 c5 2. Nf3 d6 3. d4 cxd4 4. Nxd4 Nf6 5. f3 Nc6 6. c4 e6 7. Nc3 Be7 8. Be2 a6 9. 0-0 0-0 10. Be3 Qc7 11. Qd2 Ne5 12. Rfc1 Rd8 13. a4 b6 14. a5 bxa5 15. Nb3 Nc6 16. Na4 Nd7 17. Qe1 Rb8 18. Ra3 Qb7 19. Nxa5 Nxa5 20. Qxa5 Qxb2 21. Nxb2 1-0

[Event "Landesliga Nord 1213 U20"]
[Site "Bayern"]
[Date "2012.10.20"]
[Round "1.2"]
[White "Bloesch, Christoph"]
[Black "Schaefer, Ann Kathrin"]
[Result "1-0"]
[WhiteElo "1909"]
[BlackElo "1749"]
[PlyCount "59"]
[EventDate "2012.10.20"]
[EventType "team-tourn"]
[EventRounds "7"]
[EventCountry "GER"]
[SourceTitle "EXT 2020"]
[Source "ChessBase"]
[SourceDate "2019.10.17"]
[SourceVersion "1"]
[SourceVersionDate "2019.10.17"]
[SourceQuality "1"]
[WhiteTeam "Koetz/Ichenhausen U20"]
[BlackTeam "Bechhofen U20"]
[WhiteTeamCountry "GER"]
[BlackTeamCountry "GER"]

1. e4 e6 2. d4 d5 3. exd5 exd5 4. Bd3 Nc6 5. c3 Bd6 6. Nf3 Nge7 7. 0-0 0-0 8. Qc2 f5 9. Bg5 Qe8 10. Nbd2 Bd7 11. Rae1 Qh5 12. Bxe7 Nxe7 13. Ne5 Rf6 14. f4 Be6 15. Re3 c5 16. Bb5 Bxe5 17. dxe5 Rh6 18. Rh3 Qg6 19. Rxh6 Qxh6 20. Be2 Rd8 21. Nb3 b6 22. Qd2 Nc6 23. Bf3 Nxe5 24. fxe5 Qxd2 25. Nxd2 d4 26. cxd4 Rxd4 27. Nb3 Ra4 28. Nc1 Bxa2 29. Nxa2 Rxa2 30. Bd5+ 1-0

[Event "Nuremberg Zabo op 14th"]
[Site "Nuremberg"]
[Date "2012.09.16"]
[Round "4"]
[White "Schaefer, Ann Kathrin"]
[Black "Drees, Martin"]
[Result "0-1"]
[WhiteElo "1645"]
[BlackElo "1606"]
[PlyCount "60"]
[EventDate "2012.09.14"]
[EventType "swiss"]
[EventRounds "5"]
[EventCountry "GER"]
[SourceTitle "EXT 2018"]
[Source "ChessBase"]
[SourceDate "2017.10.13"]
[SourceVersion "1"]
[SourceVersionDate "2017.10.13"]
[SourceQuality "1"]

1. d4 d5 2. Nf3 Nc6 3. e3 Bg4 4. Nbd2 e5 5. h3 Bxf3 6. Nxf3 e4 7. Nd2 Nf6 8. b3 Bb4 9. Bb2 0-0 10. Be2 a6 11. 0-0 Ne7 12. f3 Nf5 13. Kf2 exf3 14. Bxf3 Re8 15. Re1 Qd6 16. e4 Bxd2 17. e5 Bxe1+ 18. Qxe1 Qc6 19. c4 Ne4+ 20. Bxe4 dxe4 21. g4 e3+ 22. Kg1 Ne7 23. Qxe3 Ng6 24. Rf1 Qb6 25. Qf2 Re7 26. Ba3 Rd7 27. Bc5 Qe6 28. Qf3 Rb8 29. Ba7 Rbd8 30. Qxb7 c5 0-1

[Event "GER-ch Net qual3 U18"]
[Site "Playchess.com INT"]
[Date "2012.09.08"]
[Round "1"]
[White "Schaefer, Ann Kathrin"]
[Black "Meyers, Mark"]
[Result "0-1"]
[WhiteElo "1493"]
[BlackElo "1928"]
[PlyCount "116"]
[EventDate "2012.09.08"]
[EventType "swiss (blitz)"]
[EventRounds "7"]
[EventCountry "GER"]
[SourceTitle "CBM 150 Extra"]
[Source "ChessBase"]
[SourceDate "2012.10.19"]
[SourceVersion "1"]
[SourceVersionDate "2012.10.19"]
[SourceQuality "1"]

1. e4 c5 2. d4 cxd4 3. c3 Nf6 4. cxd4 Nxe4 5. Nf3 e6 6. Bd3 Nf6 7. 0-0 Be7 8. Nc3 0-0 9. Bf4 d6 10. Qe2 Nbd7 11. Rac1 a6 12. Rfd1 b5 13. Ne4 Nb6 14. Rc2 Bb7 15. Rdc1 Bxe4 16. Bxe4 Nxe4 17. Qxe4 d5 18. Qe5 Nc4 19. Qh5 Bf6 20. b3 Nd6 21. Rc6 Nf5 22. Be5 Bxe5 23. dxe5 d4 24. Rd1 Qd5 25. Rcc1 Rac8 26. Qg4 Rfd8 27. h3 Rxc1 28. Rxc1 d3 29. Rd1 a5 30. Ne1 Qxe5 31. Nxd3 Qc3 32. Qe4 h6 33. g4 Ne7 34. Qe2 Ng6 35. f4 Qd4+ 36. Kh1 Nxf4 37. Nxf4 Qxd1+ 38. Qxd1 Rxd1+ 39. Kh2 Rd2+ 40. Kg3 Rxa2 41. Nd3 Ra3 42. Nc5 a4 43. Kf4 Rxb3 44. Nxb3 axb3 45. Ke5 b2 46. Kd6 b1Q 47. Kc6 Kf8 48. Kc5 Ke7 49. Kd4 Kd6 50. g5 Qb4+ 51. Ke3 Ke5 52. gxh6 Qc3+ 53. Kf2 Kf4 54. hxg7 Qd2+ 55. Kg1 Qe1+ 56. Kg2 Qg3+ 57. Kf1 Ke3 58. g8Q Qf2# 0-1